| 000 | 00617nam a2200205 i 4500 | ||
|---|---|---|---|
| 001 | 62584 | ||
| 003 | ES-MaACL | ||
| 005 | 20230906164708.0 | ||
| 007 | t| | ||
| 008 | 031124s1956 sp ||||1| spa d | ||
| 100 | 1 |
_aFernández García-Fierro, Benito. _949815 |
|
| 245 | 1 | 0 |
_aGanado vacuno / _cBenito Fdez. García-Fierro. |
| 250 | _a[1ª ed.]. | ||
| 260 |
_aBarcelona : _bSalvat, _c1956 ( _fImp. Hispano-Americana) |
||
| 300 |
_aXXIV, 776 p., 2 lám. : _bil. ; _c22 cm. |
||
| 490 | 1 | _aAgrícola Salvat | |
| 830 | 0 |
_aAgrícola Salvat _9181573 |
|
| 852 |
_aES-MaACL _jC-10250 _bR.38560 |
||
| 999 |
_c62584 _d62584 |
||